Mot à deviner - Statistiques

Statistiques générales
  • Ce quiz a été pris 86 fois
  • Le résultat moyen est 2 sur 5
Statistiques - réponses
Hint Réponse % Correct
Initiale de la boisson très consommée par les bébés L
99%
"Lion" en latin Léo
48%
Largeur d'une bande de papier peint
43%
Prénom du premier roi des belges Léopold
32%
Ancien nom de Kinshasa Léopoldville
27%
Aucun quiz correspondant
Distribution des résultats
% des personnes avec chaque résultat
Percentile par nombre de réponses
Votre historique - résultats
Vous n’avez pas pris ce quiz